- Lyver, Des
Entry Nombre Personal
001 - NUMERO DE CONTROL
- campo de control: 46988
003 - IDENTIFICADOR DE NUMERO DE CONTROL
- campo de control: DLC
005 - FECHA Y HORA DE LA ÜLTIMA TRANSACCIÓN
- campo de control: 20221017091608.0
008 - DATOS DE LONGITUD FIJA
- campo de control de longitud fija: 221017n| acannaab| |a aaa c
010 ## - NÚMERO DE CONTROL DE LA BIBLIOTECA DEL CONGRESO
- Número de control LC: n 94068354
040 ## - FUENTE DE CATALOGACIÓN
- Agencia original de catalogación: Uk
- Agencia de transcripción: DLC
- Agencia que lo modifica: Uk
- Agencia que lo modifica: MX-MxUPN
- Lenguaje de catalogación: spa
100 1# - ENCABEZAMIENTO - NOMBRE PERSONAL
- Nombre personal: Lyver, Des
373 ## - GRUPO ASOCIADO
- Associated group: South Thames College de Londres
374 ## - OCUPACIÓN
- Occupation: Profesor universitario
400 10 - VEÁSE - NOMBRE DE PERSONA
- Personal name: Lyver, Desmond
670 ## - FUENTE EN LA QUE SE LOCALIZARON DATOS
- Cita de la fuente: On the edge of Sark, 1987:
- Información localizada: portada (Des Lyver)
670 ## - FUENTE EN LA QUE SE LOCALIZARON DATOS
- Cita de la fuente: Basics of video lighting, 1999:
- Información localizada: portada (Des Lyver) BL AL sent 25 Apr. 2000
670 ## - FUENTE EN LA QUE SE LOCALIZARON DATOS
- Cita de la fuente: BL AL recd 8 May 2000
- Información localizada: (Desmond Lyver, born 8 July 1942)
670 ## - FUENTE EN LA QUE SE LOCALIZARON DATOS
- Cita de la fuente: En su obra: Principios básicos del sonido para video, 2000:
- Información localizada: portada (Des Lyver) cubierta posterior (Des Lyver es catedrático del South Thames College de Londres y dicta cursos sobre un amplio espectro de la producción de video a diferentes niveles.)
902 ## - CATALOGADOR
- Catalogador: NDAF/171022
